000
00325nam a2200145Ia 4500
100
_a
Aatre/Vasudev
250
_a
2
942
_c
BK
654
_a
network
245
_a
Network theory and filter design
260
_b
WILEY EASTERN LIMITED
_a
New Delhi
_c
1980
082
_a
621.3192
_b
AAT
300
_a
476
546
_a
ENGLISH
999
_c
20282
_d
20282